Anthropological analysis of the Semmelweis Street cemetery at Várpalota

Elmentve itt :
Bibliográfiai részletek
Szerző: Fóthi Erzsébet
Dokumentumtípus: Cikk
Megjelent: 1997
Sorozat:Acta biologica 42 No. 1-4
Kulcsszavak:Természettudomány, Biológia
Online Access:http://acta.bibl.u-szeged.hu/22253
LEADER 00641nab a2200181 i 4500
001 acta22253
005 20210526105346.0
008 161015s1997 hu o 0|| eng d
022 |a 0563-0592 
040 |a SZTE Egyetemi Kiadványok Repozitórium  |b hun 
041 |a eng 
100 1 |a Fóthi Erzsébet 
245 1 0 |a Anthropological analysis of the Semmelweis Street cemetery at Várpalota  |h [elektronikus dokumentum] /  |c  Fóthi Erzsébet 
260 |c 1997 
300 |a 41-47 
490 0 |a Acta biologica  |v 42 No. 1-4 
695 |a Természettudomány, Biológia 
856 4 0 |u http://acta.bibl.u-szeged.hu/22253/1/biologica_042_041-047.pdf  |z Dokumentum-elérés